Atlas zvířat /

Main Author: Arrhenius, Ingela P., 1967-
Corporate Author: Axióma (nakladatelství)
Other Authors: Kocmanová, Ivana, 1973-
Language: Czech
Published: Praha : Axióma, [2024]
Subjects:
Physical Description: 12 nečíslovaných stran : barevné ilustrace ; 28 cm
Book
Saved in:
LEADER 02360cam a2200649 i 4500
001 nkc20253674901
003 CZ PrNK
005 20260504134759.0
007 ta
008 250227t20242024xr a a 000 0 cze d
015 |a cnb003674901 
020 |a 978-80-7292-482-0  |q (vázáno) 
040 |a PVG001  |b cze  |d ULG001  |d BOA001  |e rda 
041 1 |a cze  |h eng 
043 |a x------ 
072 7 |a 59  |x Zoologie  |2 Konspekt  |9 2 
072 7 |a 0/9-053.2  |x Literatura pro děti a mládež (naučná)  |2 Konspekt  |9 26 
080 |a 592/599  |2 MRF 
080 |a 591.9  |2 MRF 
080 |a (100)  |2 MRF 
080 |a (084.42)  |2 MRF 
080 |a (0.025.2)  |2 MRF 
080 |a (0.024.7)  |2 MRF 
080 |a (0.053.2)  |2 MRF 
100 1 |a Arrhenius, Ingela P.,  |d 1967-  |7 xx0219288  |4 ill 
240 1 0 |a Animal atlas.  |l Česky 
245 1 0 |a Atlas zvířat /  |c Ingela P. Arrhenius ; z anglického originálu Animal atlas ... přeložila a graficky upravila Ivana Kocmanová 
264 1 |a Praha :  |b Axióma,  |c [2024] 
264 4 |c ©2024 
300 |a 12 nečíslovaných stran :  |b barevné ilustrace ;  |c 28 cm 
336 |a text  |b txt  |2 rdacontent 
336 |a statický obraz  |b sti  |2 rdacontent 
337 |a bez média  |b n  |2 rdamedia 
338 |a svazek  |b nc  |2 rdacarrier 
500 |a Kartonové listy s prostorovými obrázky a odklápěcími okénky 
650 0 7 |a živočichové  |7 ph136485  |2 czenas 
650 0 7 |a fauna  |7 ph114529  |z země světa  |2 czenas 
650 0 7 |a zoogeografie  |7 ph127666  |z země světa  |2 czenas 
650 0 9 |a animals  |2 eczenas 
650 0 9 |a fauna  |z countries of the world  |2 eczenas 
650 0 9 |a zoogeography  |z countries of the world  |2 eczenas 
655 7 |a atlasy  |7 fd131835  |2 czenas 
655 7 |a leporela  |7 fd132727  |2 czenas 
655 7 |a prostorové publikace  |7 fd133144  |2 czenas 
655 7 |a publikace pro děti  |7 fd133156  |2 czenas 
655 9 |a atlases  |2 eczenas 
655 9 |a folding picture-books  |2 eczenas 
655 9 |a pop-up picture books  |2 eczenas 
655 9 |a children's literature  |2 eczenas 
700 1 |a Kocmanová, Ivana,  |d 1973-  |7 xx0042263  |4 trl 
710 2 |a Axióma (nakladatelství)  |7 xx0342838  |4 pbl 
910 2 |a BOA001  |b 3-1543.319 
920 |a 016020007135672  |z ULG001 
990 |a BK 
995 |a 01 
991 |b 202504  |c NOV 
996 6 |b 2611000692  |c 3-1543.319  |l MZK  |r Sklad / do 1 hodiny  |n 0  |p p.v.  |w 002002324  |u 000010  |a 1  |e BOA001  |j MZK50  |s P